=LDR 00000nam 2200000 4500 =001 INLIS000000000053856 =990 ##$$a 31800145 =005 20210830115521 =990 ##$$a 31800146 =035 ##$$a 0010-0319000051 =007 ta =008 210830################g##########0#ind## =020 ##$$a 978-602-437-179-1 =082 ##$$a 495.707 1 =084 ##$$a 495.707 1 SER =245 ##$$a Seri Bahan Ajar Bahasa Korea =260 ##$$a Jakarta :$b Badan Pengembangan Dan Pembinaan Bahasa,$c 2016 =300 ##$$a 148 hlm. : $b ilus. ; $c 26 x 19 cm. =650 #4$$a Bahasa Korea-Studi Pengajaran =700 #$$a Editor, Daud Yusuf =250 ##$$a cet.1 =990 ##$$a 31800145 =990 ##$$a 31800146